=LDR 00000nam 2200000 4500 =001 INLIS000000000006506 =005 20251110015050 =035 ##$$a 0010-1125000380 =007 ta =008 251110###########################0#ind## =082 ##$$a 170.44 =084 ##$$a 170.44 BAD g =100 #$$a Badan Koordinasi Keluarga Berencana Nasional =245 1#$$a Gerakan Disiplin Nasional /$c Badan Koordinasi Keluarga Berencana Nasional =260 ##$$a Jakarta :$b Badan Koordinasi Keluarga Berencana Nasional =300 ##$$a 22 Hal : $b Ilus ; $c 21 =650 #4$$a Keluarga Berencana =856 ##$$a Perpustakaan Kemendukbangga